1109 1793 1380 1894 1430 1973 1879 1819 1626 1162 1235 1508 1989 1324 1196 1233 1443 1084 1308 1029 1041 1102 1831 1511 1927 1143 1632 1782 1012 1618 1941 1516 1878 1207 1578 1925 1239 1539 1948 1528 1722 1035 1323 1975 1924 1545 1443 1248 1661 1508 1694 1858 1460 1003 1447 1281 1202 1523 1133 1862 1089 1922 1468 1854 1626 1367 1794 1252 1623 1661 1787 1238 1259 1515 1258 1449 1784 1880 1540 1380 1093 1485 1973 1141 1994 1665 1746 1770 1664 1397 1662 1269 1217 1697 1881 1924 1824 1863 1146 BCNSPRNW ULIB Ver.6.0+V

เปลี่ยนเป็นภาษาไทย

Change to English
 แสดงรายละเอียดบรรณานุกรม
  กลับหน้าหลัก

Brief Record : Get Marc (ISO 2709) : E-mail record : QR code < ปิดหน้าต่าง
LEADER : 00000nam 2200000uu 4500
001    13399122713
003     ULIB
008    020711s2555 th a 000 0 tha d
020    9789742473747
050  4 DS520^bอ111ร
100    อากิ อคิราภ์
245    เราคืออาเซียน-- เมียนมาร์ /^cอากิ อคิราภ์
250    พิมพ์ครั้งที่ 4
260    กรุงเทพฯ :^bอมรินทร์คอมมิกส์,^c2555
300    58 หน้า
440  0 ชุด เราคืออาเซียน
650  7 ประชาคมอาเซียน
650  7 อาเซียน
650  7 เมียนมาร์
945    ^p75^l0^i20152
999    ^aทศพร เกษรทอง
รายการนี้ยังไม่มีแท็ก
คุณยังไม่ได้ล็อกอิน คุณสามารถมีกิจกรรมร่วมกับเว็บไซต์ได้ แต่ต้องล็อกอินก่อน ::
  ล็อกอิน

รายการสื่อสารสนเทศ

ลำดับที่ ประเภท เลขเรียก/บาร์โค้ด สถานที่ สถานะ
1. การศึกษาทั่วไป
การศึกษาทั่วไป
DS520 อ111ร ฉ.1 
  Barcode: 20152
ห้องสมุดวิทยาเขตนครสวรรค์
►หนังสือทั่วไป:l:General Books
บนชั้น

รายการใกล้เคียง
    ผู้แต่ง [อากิ อคิราภ์]

    หัวเรื่อง [ประชาคมอาเซียน]
    หัวเรื่อง [อาเซียน]
    หัวเรื่อง [เมียนมาร์]

BibComment


ยังไม่เคยถูกคอมเมนท์

คอมเมนท์ทรัพยากรรายการนี้
  คอมเมนท์: เราคืออาเซียน เมี..


 Copyright 2026. Bcnsprnw @Library